| 000 | 00321nam a2200121Ia 4500 | ||
|---|---|---|---|
| 005 | 20251222144739.0 | ||
| 008 | 251222s9999||||xx |||||||||||||| ||spa|| | ||
| 020 | _a0-201-69422-0 | ||
| 082 | _a421.52/B47/Ej.2 | ||
| 100 | _aBetta, Laurie | ||
| 245 | 0 | _aNorth Star: Focus and Reading and Writing: Intermediate | |
| 942 | _cLIB | ||
| 999 |
_c18905 _d18905 |
||